000 00925nas a2200301 4500
001 BR9200180
003 BR-BrBNA
005 20231205092226.0
007 ta
008 230509b bl.|||p| |||| 00| 00por d
040 _aBR-BrBNA
_bpor
_cBiblioteca Nacional de Agricultura
041 _a(Pt)
072 _aF01
100 1 _aToledo, A.R.
100 1 _aMiguel, A.E.
100 1 _aMatiello, J.B.
100 1 _aAlmeida, S.R.
245 1 _aTipos de podas de conducao no sistema de plantio de cafe 'adensado' nos cultivares mundo novo e catuai - resultado das seis primeiras colheitas
650 _aCAFE CATUAI
650 _aCAFE NOVO MUNDO
650 _aPLANTIO
650 _aVARIEDADE
650 _aFAZENDA EXPERIMENTAL
650 _aMINAS GERAIS
773 0 _tCafeicultura Moderna (Brazil)
_x
_g(Sep-Oct 1988), v. 1(3) p. 28-29
_wBR9200180
909 _a202311
_bLúcia
_c55
_dLúcia Elande
942 _2AGRIS
_n0
_cANA
999 _c130208
_d130208